What are the Standards a Leader Must Attain: A Critical Analysis of the Application of Kenyan Law of Leadership and Integrity/ (Record no. 4180)

000 -LEADER
fixed length control field 00476nam a22001457a 4500
003 - CONTROL NUMBER IDENTIFIER
control field OSt
005 - DATE AND TIME OF LATEST TRANSACTION
control field 20190711103702.0
008 - FIXED-LENGTH DATA ELEMENTS--GENERAL INFORMATION
fixed length control field 190711b xxu||||| |||| 00| 0 eng d
050 ## - LIBRARY OF CONGRESS CALL NUMBER
Classification number HD57.7.K37 2018
100 ## - MAIN ENTRY--PERSONAL NAME
Personal name Karingithi, K. Alex
245 ## - TITLE STATEMENT
Title What are the Standards a Leader Must Attain: A Critical Analysis of the Application of Kenyan Law of Leadership and Integrity/
Statement of responsibility, etc Alex Kanyi Karingithi
260 ## - PUBLICATION, DISTRIBUTION, ETC. (IMPRINT)
Place of publication, distribution, etc Nairobi
Date of publication, distribution, etc 2018
300 ## - PHYSICAL DESCRIPTION
Extent viii, 53p
Dimensions 26cm
942 ## - ADDED ENTRY ELEMENTS (KOHA)
Source of classification or shelving scheme
Koha item type Research Project
Holdings
Withdrawn status Lost status Source of classification or shelving scheme Damaged status Not for loan Home library Current library Shelving location Date acquired Total Checkouts Full call number Barcode Date last seen Price effective from Koha item type
          Riara University Library Riara University Library Special Collection 11/07/2019   RUSC HD57.7.K37 2018 10148/19 11/07/2019 11/07/2019 Research Project

Riara University Library,
P.O. Box 49940-00100,
Nairobi, Kenya.